000 00318nam a2200133Ia 4500
008 240624s9999 xx 000 0 und d
041 _aeng
082 _a823 JON
100 _aGODDEN RUMER
245 _aTWO UNDER THE INDIAN SUN
260 _c2016
_aNew Delhi
_bSpeaking Tiger
300 _a256 : p.
365 _cRS
_b30
999 _c27867
_d27867